000 00867nam a2200301 a 4500
001 3902522
003 OSt
005 20230627115433.0
008 910918s1990 ii b 001 0 eng
010 _a 90909960
020 _a8170350921 :
_cRs75.00
025 _aI E 64201
040 _aDLC
_cDLC
_dDLC
043 _af-tz---
050 0 0 _aHC885
_b.C53 1990
082 _a333.715
_bGRO
100 1 _aChandrasekhar, S.
245 1 0 _aThird World development
260 _aDelhi :
_bDaya Pub. House,
_c1990.
300 _a726p
500 _aIncludes index.
504 _aIncludes bibliographical references (p. [79]-82).
651 0 _aTanzania
_xEconomic conditions
_y1964-
651 0 _aTanzania
_xEconomic policy.
906 _a7
_bcbc
_corignew
_d3
_encip
_f19
_gy-gencatlg
942 _2ddc
_cBK
999 _c2859
_d2859